Disney Channel Stars(some) Quiz Stats

 Plays Quiz not verified by Sporcle

Also try: Born in...1985
Challenge
Share
Tweet
Embed
Score 0/15 Timer 05:00
0 Plays Today
Character Name Real Name % Correct
Miley Stewart/Hannah MontanaMiley Cyrus
93.5%
Alex RussoSelena Gomez
89.7%
Robby StewartBilly Ray Cyrus
81.1%
Lilly TruscottEmily Osment
80.5%
Joe LucasJoe Jonas
78.9%
Kevin LucasKevin Jonas
78.7%
Alison 'Sonny' MunroeDemi Lovato
78.6%
Nick LucasNick Jonas
78.1%
Character Name Real Name % Correct
Oliver OkenMitchel Musso
72.2%
Max RussoJake T. Austin
68.8%
Justin RussoDavid Henrie
65.3%
Harper FinkleJennifer Stone
59.7%
Jackson StewartJason Earles
58.6%
RicoMoises Arias
51.7%
Tawni HartTiffany Thornton
41.4%

You're not logged in!

Compare scores with friends on all Sporcle quizzes.
OR
Log In

You Might Also Like...

Show Comments

Extras

Created Dec 21, 2009ReportNominate
Tags:Disney Quiz, channel, character, star

Top Quizzes Today


Score Distribution

Your Account Isn't Verified!

In order to create a playlist on Sporcle, you need to verify the email address you used during registration. Go to your Sporcle Settings to finish the process.

Report this User

Report this user for behavior that violates our Community Guidelines.

Details: